000 01347nam a22002057a 4500
008 110906s1959 ua|||||d ||| 00| 0cara
082 _222
_a031
_bش ع ب
245 _aدائرة معارف الشعب
260 _a[القاهرة ] :
_bمطابع الشعب، 1959-1960
_c1959-1960
300 _a5 مج ؛
_c27 سم
650 _916813
_aدوائر المعارف العربية
651 _927989
_aالبلاد العربية
_vدوائر المعارف
653 _bGeneral
_cDecember2011
942 _2ddc
_cREFERENCE
999 _c15956
_d15956